Boissons alcoolisées dans les pays - Statistiques

Statistiques générales
  • Ce quiz a été pris 435 fois
  • Le résultat moyen est 7 sur 20
Statistiques - réponses
Boisson alcoolique Pays % Correct
Pastis France
98%
Saké Japon
93%
Limoncello Italie
86%
Baijiu Chine
78%
Cachaça Brésil
68%
Ouzo Grèce
53%
Ginjinha oú Ginja Portugal
46%
Soju Corée du Nord / Corée du Sud
45%
Sato Thaïlande
35%
Sahti Finlande
21%
Horilka Ukraine
19%
Unicum Hongrie
18%
Amarula Afrique du Sud
17%
Brennivin Islande
12%
Boukha Tunisie
12%
Singani Bolivie
11%
Midus Lituanie
8%
Clairin (ou Kleren) Haïti
5%
Tej Ethiopie / Erythrée
3%
Chacha Géorgie
2%
Aucun quiz correspondant
Distribution des résultats
% des personnes avec chaque résultat
Percentile par nombre de réponses
Votre historique - résultats
Vous n’avez pas pris ce quiz